000 00390nam a2200181Ia 4500
005 20250603144929.0
008 250603s9999 xx 000 0 und d
020 _a9780205562053
050 _aJN 5 .K83/
100 _aKubicek, Paul
245 0 _aEuropean politics
260 _aBoston
260 _bPearson
260 _c2012
300 _a384 p
650 _aBoston
942 _cBK
999 _c40371
_d40371